书目信息 |
| 题名: |
电动机使用与修理技术
|
|
| 作者: | 才家刚 | |
| 分册: | ||
| 出版信息: | 中国水利水电出版社 1998. 5 |
|
| 页数: | 318页 | |
| 开本: | 32开 | |
| 丛书名: | ||
| 单 册: | ||
| 中图分类: | TM32 | |
| 科图分类: | ||
| 主题词: | 电动机 | |
| 电子资源: | ||
| ISBN: | 7-80124-553-9 | |
| 000 | 00533nam0 2200193 45 | |
| 001 | 0308271042 | |
| 005 | 20030827105721.1 | |
| 010 | @a7-80124-553-9@dRMB14.80 | |
| 100 | @a20030827d1998 km y0chiy0120 ea | |
| 101 | @achi | |
| 105 | @a z 000yy | |
| 200 | 1 | @a电动机使用与修理技术@Adian dong ji shi yong yu xiu li ji shu@f才家刚@Fcai jia gang |
| 210 | @c中国水利水电出版社@d1998. 5 | |
| 215 | @a318页@c无图表@d32开 | |
| 606 | 0 | @a电动机 |
| 690 | @aTM32@v3 | |
| 701 | 0 | @a才家刚 |
| 801 | @aCN@b@c20030827 | |
| 905 | @aBZT@dTM32@e34 | |
| 电动机使用与修理技术/才家刚.-中国水利水电出版社,1998. 5 |
| 318页:无图表;32开 |
| ISBN 7-80124-553-9:RMB14.80 |
| ● |
| 相关链接 |
|
|
|
正题名:电动机使用与修理技术
索取号:TM32/34
 
预约/预借
| 序号 | 登录号 | 条形码 | 馆藏地/架位号 | 状态 | 备注 |
| 1 | 106358 | 200296562 | 中心书库中库/ 中库029架A面2列1层40/ [索取号:TM32/34] | 在馆 | |
| 2 | 106359 | 200296544 | 中心书库中库/ 中库029架A面2列1层39/ [索取号:TM32/34] | 在馆 |